Parque nacional de nahuel-huapi /
Guardado en:
| Formato: | Libro |
|---|---|
| Publicado: |
Buenos Aires :
Ministerio de Agricultura / Dirección de Parques Nacionales,
1937
|
| Materias: | |
| Etiquetas: |
Agregar Etiqueta
Sin Etiquetas, Sea el primero en etiquetar este registro!
|
| LEADER | 00648nam a22001935a 4500 | ||
|---|---|---|---|
| 001 | CEM.cems000588 | ||
| 005 | 20060210000000.0 | ||
| 008 | 130507s1937##################000#0#####d | ||
| 003 | CEMS | ||
| 082 | 0 | 4 | |a 719 |
| 245 | 0 | 0 | |a Parque nacional de nahuel-huapi / |
| 260 | |a Buenos Aires : |b Ministerio de Agricultura / Dirección de Parques Nacionales, |c 1937 | ||
| 300 | |a 87 p. | ||
| 505 | 0 | |a Antigedad.-Edad Media.-Renacimiento.-Barroco.-Arquitectura moderna. | |
| 653 | |a Nahuel huapi | ||
| 653 | |a Nahuel huapi-fauna | ||
| 653 | |a Nahuel huapi-flora | ||
| 653 | |a Parques nacionales argentinos | ||
| 859 | |a CEMS |b BIB. CEMS - 11 de abril |h 719 |i Ar37 |p 10136.81 |t Ej.1 | ||
